18 Largest Peninsulas of the World - Statistics

General Stats
  • This quiz has been taken 167 times
    133 since last reset
  • The average score is 10 of 18
Answer Stats
Hint Answer % Correct
A Arabian
93%
I Iberian
86%
S Scandinavia
79%
B Balkans
74%
K Korean
71%
H.. Horn of Africa
70%
I. Indo-China
70%
I Italian
67%
K Kamchatka
67%
F Florida
65%
B. Baja California
60%
L Labrador
55%
A Anatolian
47%
A Alaskan
46%
D Deccan
31%
K Kola
28%
A Antarctic
14%
L… Lower Peninsula of Michigan
2%
No matching quizzes found
Score Distribution
Percent of People with Each Score
Percentile by Number Answered
Your Score History
You have not taken this quiz since the last reset